Malmesbury and others v. Strutt and Parker and others (Record no. 107094)

MARC details
000 -LEADER
fixed length control field 01072cam a22001935a 4500
001 - CONTROL NUMBER
control field L138264
008 - FIXED-LENGTH DATA ELEMENTS--GENERAL INFORMATION
fixed length control field 070525e2007 xxk f 000 0 eng d
035 ## - SYSTEM CONTROL NUMBER
System control number (Sirsi) u138264
041 0# - LANGUAGE CODE
Language code of text/sound track or separate title eng
245 00 - TITLE STATEMENT
Title Malmesbury and others v. Strutt and Parker and others
Medium [electronic resource]
260 ## - PUBLICATION, DISTRIBUTION, ETC.
Date of publication, distribution, etc. 2007
520 #1 - SUMMARY, ETC.
Summary, etc. [2007] EWHC 1132 (QB), 15 May 2007. Supplementary judgment to [2007] EWHC 999 (QB), (L138156). Following the judgment in this action, there were submissions on behalf of the claimants concerning whether damages were to be assessed on the basis of a value difference at transaction date or on the basis of the likely lost income. "Held": on the basis of the use of costs and court time it was considered that assessment was a suitable action.
590 ## - LOCAL NOTE (RLIN)
Local note KA
650 24 - SUBJECT ADDED ENTRY--TOPICAL TERM
Topical term or geographic name entry element MALMESBURY V STRUTT AND PARKER
651 #4 - SUBJECT ADDED ENTRY--GEOGRAPHIC NAME
Geographic name BOURNEMOUTH
690 ## - LOCAL SUBJECT ADDED ENTRY--TOPICAL TERM (OCLC, RLIN)
Topical term or geographic name as entry element MANAGEMENT-BUSINESS MANAGEMENT-PROFESSIONAL PRACTICE-NEGLIGENCE
856 40 - ELECTRONIC LOCATION AND ACCESS
Uniform Resource Identifier <a href="https://www.bailii.org/ew/cases/EWHC/Admin/2007/1132.html">https://www.bailii.org/ew/cases/EWHC/Admin/2007/1132.html</a>
Public note View the item free of charge at www.bailii.org...
942 ## - ADDED ENTRY ELEMENTS (KOHA)
Suppress in OPAC 0
Holdings
Withdrawn status Lost status Source of classification or shelving scheme Damaged status Not for loan Home library Current library Shelving location Date acquired Total Checkouts Full call number Barcode Date last seen Copy number Price effective from Koha item type
    Dewey Decimal Classification     Virtual Virtual Online 25/05/2007   ONLINE PUBLICATION 138264-2001 06/08/2019 1 06/08/2019 Law report